1212 1529 1158 1145 1740 1386 1322 1263 1449 1725 1361 1587 1494 1991 1601 1342 1951 1866 1553 1141 1254 1765 1425 1117 1632 1820 1513 1420 1205 1954 1389 1619 1167 1448 1496 1012 1116 1327 1806 1415 1286 1431 1641 1805 1262 1653 1055 1992 1758 1943 1028 1003 1733 1686 1776 1977 1336 1862 1257 1824 1426 1171 1749 1703 1601 1760 1602 1774 1094 1874 1560 1933 1256 1873 1461 1033 1172 1367 1366 1427 1717 1597 1950 1653 1830 1915 1375 1285 1642 1145 1853 1990 1384 1946 1428 1718 1559 1462 1685 BCNSPRNW ULIB Ver.6.0+V

เปลี่ยนเป็นภาษาไทย

Change to English
 แสดงรายละเอียดบรรณานุกรม
  กลับหน้าหลัก

Brief Record : Get Marc (ISO 2709) : E-mail record : QR code < ปิดหน้าต่าง
LEADER : 00000nam 2200000uu 4500
001    13399111400
003     ULIB
008    110623s||||||||th 000 0 tha d
050  4 BQ988^bป373 2548
245 00 พระพรมงคลเทพมุนี (สด จนฺทสโร) มหาปูชนียาจารย์
246 14 พระมงคลเทพมุนี
300    80 หน้า :^bภาพประกอบสี .
650  7 การฝึกจิต
650  7 ชีวประวัติ
650  7 สงฆ์^zไทย^vชีวประวัติ
650  7 สมาธิ
710 2  วัดปากน้ำ (ภาษีเจริญ)
945    ^p0^l0^i021916
995    ทศพร
999 ^a ใช้งานได้ทุกระบบ
รายการนี้ยังไม่มีแท็ก
คุณยังไม่ได้ล็อกอิน คุณสามารถมีกิจกรรมร่วมกับเว็บไซต์ได้ แต่ต้องล็อกอินก่อน ::
  ล็อกอิน

รายการสื่อสารสนเทศ

ลำดับที่ ประเภท เลขเรียก/บาร์โค้ด สถานที่ สถานะ
- ไม่พบข้อมูล -

รายการใกล้เคียง
    หัวเรื่อง [ชีวประวัติ]
    หัวเรื่อง [สมาธิ]

BibComment


ยังไม่เคยถูกคอมเมนท์

คอมเมนท์ทรัพยากรรายการนี้
  คอมเมนท์: พระพรมงคลเทพมุนี ..


 Copyright 2026. Bcnsprnw @Library